| 000 | 01236nam0a22003011 4500 | ||
|---|---|---|---|
| 001 | rc\3383487 | ||
| 005 | 20260407074547.0 | ||
| 021 |
_aRU _b[70-87769] |
||
| 035 | _a(NLR Aleph) 007535457 | ||
| 090 |
_a7768024 _c7768024 |
||
| 100 | _a20130115d1970 |||y0rusy50 ca | ||
| 101 | 0 | _arus | |
| 102 | _aRU | ||
| 105 | _ab z ||||| | ||
| 200 | 1 |
_aАктуальные проблемы истории России эпохи феодализма _eСборник статей _f[Ред. коллегия: Л.В. Черепнин (отв. ред.) и др.] _gАН СССР. Ин-т истории СССР |
|
| 210 |
_aМосква _cНаука _d1970 |
||
| 215 |
_a467 с., 1 л. карт. _d21 |
||
| 320 | _aУказатель имен: с. 458-465 | ||
| 606 |
_aФеодализм в России _2psbo |
||
| 607 |
_aСССР _xИстория _jСборники _2psbo |
||
| 702 | 1 |
_4340 _7ca _8rus _aЧерепнин _bЛ. В. _f1905-1977 _gЛев Владимирович _92641587 _3RU\NLR\AUTH\770273348 |
|
| 712 | 0 | 2 |
_aИнститут истории СССР _cМосква _3RU\NLR\AUTH\883382 _9278005 |
| 801 | 0 |
_aRU _bNLR _gpsbo |
|
| 801 | 1 |
_aRU _bELAR _2rusmarc |
|
| 852 |
_aNLR _j70-3/7343 |
||
| 942 | _cBOOK | ||
| 980 | _aNB | ||